00566nam a2200193Ia 4500003000400000005001700004008004100021020001800062040001800080041000800098082002200106100001700128245010600145250000600251260003700257300002700294650003200321650001900353OSt20250217095538.0210716s2010 xx 000 0 und d a9788175545434 cAIMIT LIBRARY aeng a658.406 21bGREM aGreen, Mike. aChange management masterclass: bstep by step guide to successful change management /cBy Mike Green. a1 aNew Delhi :bKogan Page ;c2010. aix,273p. ;bPBc22 cm. aOrganizational case studies aImplementation